<?xml version="1.0" encoding="UTF-8"?>
<collection xmlns="http://www.loc.gov/MARC21/slim">
<record>
  <controlfield tag="001">170129</controlfield>
  <controlfield tag="005">20260326144912.0</controlfield>
  <datafield tag="024" ind1="7" ind2=" ">
    <subfield code="2">doi</subfield>
    <subfield code="a">10.1145/3767740</subfield>
  </datafield>
  <datafield tag="024" ind1="8" ind2=" ">
    <subfield code="2">sideral</subfield>
    <subfield code="a">148679</subfield>
  </datafield>
  <datafield tag="037" ind1=" " ind2=" ">
    <subfield code="a">ART-2026-148679</subfield>
  </datafield>
  <datafield tag="041" ind1=" " ind2=" ">
    <subfield code="a">eng</subfield>
  </datafield>
  <datafield tag="100" ind1=" " ind2=" ">
    <subfield code="a">García-Sáez, Luis Miguel</subfield>
  </datafield>
  <datafield tag="245" ind1=" " ind2=" ">
    <subfield code="a">Poisoning-Resilient Federated Learning for MEC-IoT Environments Using Blockchain</subfield>
  </datafield>
  <datafield tag="260" ind1=" " ind2=" ">
    <subfield code="c">2026</subfield>
  </datafield>
  <datafield tag="520" ind1="3" ind2=" ">
    <subfield code="a">The rise of distributed architectures in Internet of Things (IoT) environments has significantly advanced both data processing and artificial intelligence. Notably, Multi-access Edge Computing (MEC) represents a distributed form of the Edge Computing paradigm, focussing on heterogeneous protocol management. In contrast, Federated Learning (FL) is an application-level framework designed to enable decentralised Machine Learning (ML) across devices without centralising data. Nevertheless, the combination of both technologies enables the creation of more efficient, scalable, and responsive systems. However, their integration into IoT brings substantial security challenges, including data poisoning, model manipulation, and the insertion of false nodes, all of which threaten the reliability of FL systems. Blockchain technology emerges as a promising solution to these challenges. It offers a decentralised, transparent, and immutable framework that ensures the authenticity and verification of data across the network. Through blockchain, node interactions are automated and secured, enhancing the integrity and trust in the learning process. This article proposes a blockchain-based architecture for FL within MEC-IoT systems, designed to mitigate security threats. The architecture emphasises data integrity, secure node interactions, and transparent audit trails while maintaining optimal model performance and accuracy, even under attack. It highlights the low resource consumption and minimal time overhead of blockchain integration, ensuring efficiency is not compromised. This integrated approach improves data security, supports secure collaborative learning, and fosters a more resilient and trustworthy IoT ecosystem.</subfield>
  </datafield>
  <datafield tag="536" ind1=" " ind2=" ">
    <subfield code="9">info:eu-repo/grantAgreement/ES/AEI/PID2024-158682OB-C32</subfield>
    <subfield code="9">info:eu-repo/grantAgreement/ES/DGA/T21-23R</subfield>
    <subfield code="9">info:eu-repo/grantAgreement/ES/MCIU/PID2023-151467OA-I00</subfield>
    <subfield code="9">info:eu-repo/grantAgreement/EUR/MICINN/TED2021-131115A-I00</subfield>
    <subfield code="9">info:eu-repo/grantAgreement/ES/MICINN/PID2022-142332OA-I00</subfield>
  </datafield>
  <datafield tag="540" ind1=" " ind2=" ">
    <subfield code="9">info:eu-repo/semantics/closedAccess</subfield>
    <subfield code="a">All rights reserved</subfield>
    <subfield code="u">http://www.europeana.eu/rights/rr-f/</subfield>
  </datafield>
  <datafield tag="655" ind1=" " ind2="4">
    <subfield code="a">info:eu-repo/semantics/article</subfield>
    <subfield code="v">info:eu-repo/semantics/publishedVersion</subfield>
  </datafield>
  <datafield tag="700" ind1=" " ind2=" ">
    <subfield code="a">Ruiz-Villafranca, Sergio</subfield>
  </datafield>
  <datafield tag="700" ind1=" " ind2=" ">
    <subfield code="a">Roldán-Gómez, José</subfield>
    <subfield code="u">Universidad de Zaragoza</subfield>
  </datafield>
  <datafield tag="700" ind1=" " ind2=" ">
    <subfield code="a">Carrillo-Mondéjar, Javier</subfield>
    <subfield code="u">Universidad de Zaragoza</subfield>
  </datafield>
  <datafield tag="700" ind1=" " ind2=" ">
    <subfield code="a">Martínez, José Luis</subfield>
  </datafield>
  <datafield tag="710" ind1="2" ind2=" ">
    <subfield code="1">5007</subfield>
    <subfield code="2">570</subfield>
    <subfield code="a">Universidad de Zaragoza</subfield>
    <subfield code="b">Dpto. Informát.Ingenie.Sistms.</subfield>
    <subfield code="c">Área Lenguajes y Sistemas Inf.</subfield>
  </datafield>
  <datafield tag="773" ind1=" " ind2=" ">
    <subfield code="g">26, 1 (2026), 9 [30 pp.]</subfield>
    <subfield code="p">ACM Transactions on Internet Technology</subfield>
    <subfield code="t">ACM Transactions on Internet Technology</subfield>
    <subfield code="x">1533-5399</subfield>
  </datafield>
  <datafield tag="856" ind1="4" ind2=" ">
    <subfield code="s">1115666</subfield>
    <subfield code="u">http://zaguan.unizar.es/record/170129/files/texto_completo.pdf</subfield>
    <subfield code="y">Versión publicada</subfield>
  </datafield>
  <datafield tag="856" ind1="4" ind2=" ">
    <subfield code="s">2035387</subfield>
    <subfield code="u">http://zaguan.unizar.es/record/170129/files/texto_completo.jpg?subformat=icon</subfield>
    <subfield code="x">icon</subfield>
    <subfield code="y">Versión publicada</subfield>
  </datafield>
  <datafield tag="909" ind1="C" ind2="O">
    <subfield code="o">oai:zaguan.unizar.es:170129</subfield>
    <subfield code="p">articulos</subfield>
    <subfield code="p">driver</subfield>
  </datafield>
  <datafield tag="951" ind1=" " ind2=" ">
    <subfield code="a">2026-03-26-14:48:27</subfield>
  </datafield>
  <datafield tag="980" ind1=" " ind2=" ">
    <subfield code="a">ARTICLE</subfield>
  </datafield>
</record>
</collection>